000 00596nam a22001937a 4500
003 OSt
005 20180116183048.0
008 160725b xxu||||| |||| 00| 0 eng d
020 _a0
040 _c0
082 _a650 AUD 2002
100 _aThe Institue of Bankers in Pakistan
110 _aThe Institue of Bankers in Pakistan
245 _aAudit in Banks-Philosophy and Techniques
_cThe Institue of Bankers in Pakistan
260 _aPakistan
_bThe Institue of Bankers in Pakistan
_c2002
300 _a352 p.
_bHB
440 _aAudit in Banks-Philosophy and Techniques
942 _2ddc
_cBK
999 _c351517
_d351517